000 01079nas a2200313 4500
001 BR2012000991
003 BR-BrBNA
005 20231205120147.0
007 ta
008 230509b bl.|||p| |||| 00| 00por d
040 _aBR-BrBNA
_bpor
_cBiblioteca Nacional de Agricultura
041 _a(Es)
072 _aF04
100 1 _aRodríguez, V.A.
100 1 _aLuaces, P.A.
100 1 _aPíccoli, A.B.
100 1 _aMazza, S.M.
100 1 _aMartínez, G.C.
245 1 _aEfectividad del 3,4 - Dimetilpirazolfosfato (DMPP)en naranjo dulce en el noreste Argentino
246 1 _a3,4 - Dimethylpyrazole phosphate (DMPP)efficiency in sweet orange in Argentina northeast
650 _aLARANJA DOCE
650 _aCITRUS SINENSIS
650 _aADUBAÇÃO
650 _aPRODUTIVIDADE
773 0 _tRevista Brasileira de Fruticultura (Brazil)
_xISSN 0100-2945
_g(Dec 2011), v. 33(4) p. 1344-1349
_wBR2012000991
856 4 _uhttp://www.scielo.br/pdf/rbf/v33n4/v33n4a35.pdf
_yRecurso eletrônico (PDF)
909 _a202311
_bLúcia
_c55
_dLúcia Elande
942 _2AGRIS
_n0
_cANA
999 _c217264
_d217264